| 000 -LEADER |
| fixed length control field |
00822nam a2200265Ia 4500 |
| 001 - CONTROL NUMBER |
| control field |
16503 |
| 003 - CONTROL NUMBER IDENTIFIER |
| control field |
GE_BSU |
| 008 - FIXED-LENGTH DATA ELEMENTS--GENERAL INFORMATION |
| fixed length control field |
181216s||||||||xx |||||||||||||| ||und|| |
| 020 ## - INTERNATIONAL STANDARD BOOK NUMBER |
| International Standard Book Number |
9785991642354 |
| 040 ## - CATALOGING SOURCE |
| Transcribing agency |
GE_BSU |
| 080 ## - UNIVERSAL DECIMAL CLASSIFICATION NUMBER |
| Universal Decimal Classification number |
543(075.8) |
| 245 ## - TITLE STATEMENT |
| Title |
Аналитическая химия. Кн.2. |
| 245 ## - TITLE STATEMENT |
| Remainder of title |
Уч-к практикум для прикладного бакалавриата |
| 260 ## - PUBLICATION, DISTRIBUTION, ETC. |
| Place of publication, distribution, etc. |
Москва |
| 260 ## - PUBLICATION, DISTRIBUTION, ETC. |
| Name of publisher, distributor, etc. |
Юрайт |
| 260 ## - PUBLICATION, DISTRIBUTION, ETC. |
| Date of publication, distribution, etc. |
2014 |
| 300 ## - PHYSICAL DESCRIPTION |
| Extent |
360стр.илл.22см. |
| 300 ## - PHYSICAL DESCRIPTION |
| Accompanying material |
Приложение стр.343-349 |
| 653 ## - INDEX TERM--UNCONTROLLED |
| Uncontrolled term |
Аналитическая химия |
| 653 ## - INDEX TERM--UNCONTROLLED |
| Uncontrolled term |
Физико-химические методы анализа |
| 653 ## - INDEX TERM--UNCONTROLLED |
| Uncontrolled term |
ანალიზური ქიმია |
| 653 ## - INDEX TERM--UNCONTROLLED |
| Uncontrolled term |
ქიმია |
| 942 ## - ADDED ENTRY ELEMENTS (KOHA) |
| Koha item type |
წიგნი |